[Event "ICS rated standard match"]
[Site "207.99.83.227"]
[Date "1999.05.21"]
[Round "?"]
[White "Trap"]
[Black "Hossa"]
[Result "0-1"]
[WhiteElo "2062"]
[BlackElo "2273"]
[PlyCount "300"]

1. d4 Nf6 2. Nf3 c6 3. Bf4 d6 4. e3 Nd5 5. Bg3 Qb6 6. Qc1 Bg4 7. Nbd2 e6 8. c3
Be7 9. h3 Bh5 10. Be2 O-O 11. O-O Nd7 12. Qc2 Rae8 13. Qb3 a5 14. Qxb6 N5xb6
15. Rfe1 d5 16. Ne5 Nxe5 17. Bxe5 Bxe2 18. Rxe2 Nd7 19. Bg3 c5 20. dxc5 Nxc5
21. Nb3 a4 22. Nxc5 Bxc5 23. Bc7 f6 24. Ba5 f5 25. a3 b6 26. Bb4 h5 27. Bxc5
bxc5 28. Rd2 c4 29. f4 Rb8 30. Rb1 Rb3 31. Ra1 Rfb8 32. Ra2 Kf7 33. h4 g6 34.
Kf2 Kf6 35. g3 Kg7 36. Ke2 Rf8 37. Kd1 Kf6 38. Kc2 Rc8 39. Ra1 Rcb8 40. Rb1
R8b7 41. Kc1 Kf7 42. Kc2 R7b6 43. Kc1 Ke7 44. Kc2 Kf6 45. Kc1 R6b5 46. Kc2 Ke7
47. Kc1 Kf7 48. Kc2 Rb8 49. Kc1 Kg7 50. Kc2 R8b6 51. Kc1 R3b5 52. Kc2 Kf6 53.
Kc1 Rb8 54. Kc2 Kf7 55. Kc1 Kg8 56. Kc2 Rb3 57. Kc1 R8b6 58. Kc2 Kf8 59. Kc1
R6b5 60. Kc2 Kg7 61. Kc1 Rb7 62. Kc2 Kf8 63. Kc1 Ke7 64. Kc2 Rb8 65. Kc1 Kf8
66. Kc2 Ke8 67. Kc1 R8b6 68. Kc2 R6b5 69. Kc1 Rb8 70. Kc2 R3b6 71. Kc1 Kf7 72.
Kc2 Kf6 73. Kc1 Kg7 74. Kc2 Kf8 75. Kc1 Ke7 76. Kc2 Rb5 77. Kc1 R5b7 78. Kc2
Kf6 79. Kc1 Kg7 80. Kc2 Kf7 81. Kc1 Kf8 82. Kc2 Rb5 83. Kc1 Kg7 84. Kc2 R8b7
85. Kc1 e5 86. Kc2 Kf6 87. Kc1 Ke6 88. Kc2 Kd6 89. Kc1 Rb3 90. Kc2 Ke6 91. Kc1
Rd7 92. Kc2 Rd8 93. Kc1 Rb5 94. Kc2 Rdb8 95. Kc1 R5b6 96. Kc2 R8b7 97. Kc1 Kd6
98. Kc2 Rb8 99. Kc1 R6b7 100. Kc2 Rb5 101. Kc1 Rc8 102. Kc2 Rc6 103. Kc1 Rb3
104. Kc2 Ke6 105. Kc1 Rc5 106. Kc2 Rb6 107. Kc1 Rcb5 108. Kc2 Kf6 109. Kc1 Rb8
110. Kc2 Rd8 111. Kc1 Rd6 112. Kc2 Ke6 113. Kc1 Rbb6 114. Kc2 Rb3 115. Kc1 Rdb6
116. Kc2 Rb8 117. Kc1 Kd6 118. Kc2 R8b7 119. Kc1 R7b5 120. Kc2 Ke6 121. Kc1 Kf6
122. Kc2 Kf7 123. Kc1 Ra5 124. Kc2 Ke6 125. Kc1 Ra8 126. Kc2 Rc8 127. Kc1 Rc7
128. Kc2 Ra7 129. Kc1 Rf7 130. Kc2 Rf8 131. Kc1 Re8 132. Kc2 Rg8 133. Kc1 Rc8
134. Kc2 Kd6 135. Kc1 exf4 136. exf4 Re8 137. Kd1 Re3 138. Rg2 Rexc3 139. bxc3
Rxb1+ 140. Kc2 Rb3 141. Re2 Rxa3 142. Re8 Ra2+ 143. Kb1 Rg2 144. Ra8 Rxg3 145.
Rxa4 Rxc3 146. Ra6+ Kc5 147. Rxg6 Rh3 148. Rg5 Rh1+ 149. Kc2 Rh2+ 150. Kc3
150... d4# {Trap checkmated} 0-1

[Event "ICS rated standard match"]
[Site "207.99.83.227"]
[Date "1999.05.21"]
[Round "?"]
[White "tol4511"]
[Black "Hossa"]
[Result "1-0"]
[WhiteElo "2192"]
[BlackElo "2280"]
[PlyCount "98"]

1. e4 e5 2. Nc3 d6 3. Nge2 Be7 4. Nd5 Nf6 5. Nxe7 Qxe7 6. d3 Nc6 7. Bg5 h6 8.
Bh4 Bg4 9. f3 Bd7 10. d4 exd4 11. Qd3 Qe5 12. O-O-O O-O-O 13. Bxf6 Qxf6 14.
Nxd4 Qxd4 15. Qxd4 Nxd4 16. Rxd4 Rhe8 17. Bc4 f5 18. Rf1 fxe4 19. fxe4 Rf8 20.
Bf7 Kb8 21. Rdd1 g5 22. Kd2 Bg4 23. Rc1 a5 24. Rf6 Bd7 25. Rcf1 Rh8 26. Bd5 b5
27. Ke3 c6 28. Bf7 Bc8 29. c4 bxc4 30. Bxc4 d5 31. Bd3 d4+ 32. Kd2 Kc7 33. e5
Rhe8 34. Rc1 Bb7 35. Re1 Rh8 36. e6 c5 37. e7 Rb8 38. Bb5 Bd5 39. a4 Bxg2 40.
e8=Q Rhxe8 41. Rxe8 Rxe8 42. Bxe8 Kd8 43. Bc6 Bh3 44. Rxh6 Bf5 45. Bb5 Ke7 46.
Rc6 Be6 47. Rxc5 g4 48. Be2 Kd6 49. Rxa5 49... Ke7 {Hossa resigns} 1-0

[Event "ICS rated standard match"]
[Site "207.99.83.227"]
[Date "1999.05.21"]
[Round "?"]
[White "Hossa"]
[Black "valar"]
[Result "1-0"]
[WhiteElo "2260"]
[BlackElo "2061"]
[PlyCount "28"]

1. e4 e6 2. Qe2 c5 3. g3 Nc6 4. Nf3 g6 5. Bg2 Bg7 6. O-O Nge7 7. d3 d5 8. Nc3
d4 9. Na4 Qd6 10. e5 Nxe5 11. Nxe5 Bxe5 12. Re1 Bg7 13. Bf4 Qd8 14. Nxc5 14...
O-O {valar resigns} 1-0

[Event "ICS rated standard match"]
[Site "207.99.83.227"]
[Date "1999.05.21"]
[Round "?"]
[White "Hossa"]
[Black "Estes"]
[Result "1-0"]
[WhiteElo "2264"]
[BlackElo "1909"]
[PlyCount "55"]

1. d4 Nf6 2. e3 e6 3. Bb5 a6 4. Bd3 Bb4+ 5. Nd2 b5 6. e4 Bb7 7. c3 Be7 8. Ngf3
c5 9. dxc5 Bxc5 10. Nb3 Ba7 11. e5 Ng4 12. O-O Qb6 13. Nbd4 Nc6 14. Re1 Nxd4
15. Nxd4 h5 16. h3 Nh6 17. Qxh5 O-O-O 18. Be3 Nf5 19. Qxf7 Nxe3 20. Rxe3 b4 21.
Be4 Bxe4 22. Rxe4 bxc3 23. bxc3 Qb2 24. Rf1 Qxc3 25. Nxe6 dxe6 26. Qxa7 Qc6 27.
Rb4 Qc7 28. Rb8+ {Estes resigns} 1-0

[Event "ICS rated standard match"]
[Site "207.99.83.227"]
[Date "1999.05.21"]
[Round "?"]
[White "THUNDAR"]
[Black "Hossa"]
[Result "0-1"]
[WhiteElo "2040"]
[BlackElo "2268"]
[PlyCount "61"]

1. e4 e5 2. Nf3 Nc6 3. Bc4 Bc5 4. d3 Nf6 5. O-O d6 6. Bg5 Bg4 7. h3 Bxf3 8.
Qxf3 Nd4 9. Qd1 O-O 10. a4 c6 11. c3 Ne6 12. Bxe6 fxe6 13. b4 Bb6 14. a5 Bc7
15. f4 exf4 16. Bxf4 Nd7 17. d4 Qh4 18. Qf3 g5 19. Qg3 Rxf4 20. Qxh4 Rxf1+ 21.
Kxf1 gxh4 22. Nd2 Nf6 23. Ke2 Kf7 24. Rf1 Rg8 25. Rf2 Ke7 26. Ke3 Rg3+ 27. Nf3
d5 28. e5 Ne4 29. Rc2 Ng5 30. Rf2 Nxf3 31. Rxf3 {THUNDAR resigns} 0-1

[Event "ICS unrated blitz match"]
[Site "207.99.83.227"]
[Date "1999.05.21"]
[Round "?"]
[White "DiepX"]
[Black "Hossa"]
[Result "1-0"]
[WhiteElo "2648"]
[BlackElo "2490"]
[PlyCount "128"]

1. e4 e5 2. Nf3 Nc6 3. Bb5 Nf6 4. O-O Nxe4 5. Re1 Nd6 6. Nxe5 Nxe5 7. Rxe5+ Be7
8. Bf1 O-O 9. d4 Bf6 10. Re1 Nf5 11. c3 d6 12. Bf4 Re8 13. Rxe8+ Qxe8 14. Nd2
g5 15. Bg3 Nxg3 16. hxg3 g4 17. Bd3 Kh8 18. Qf1 Be6 19. Re1 Qg8 20. b3 d5 21.
b4 Re8 22. Nb3 Bd7 23. Rxe8 Qxe8 24. Qb1 Qg8 25. Nc5 Bc8 26. b5 b6 27. Nb3 Bd7
28. Nd2 Qg5 29. Nf1 h6 30. Qb3 Be7 31. Ne3 Be6 32. Qc2 Bd6 33. Qe2 Kg8 34. a4
Bd7 35. Bb1 Be6 36. Qd3 Kf8 37. Ba2 Kg8 38. Bb3 Bf8 39. Qd2 Bd6 40. Qd3 Bf8 41.
c4 dxc4 42. Bxc4 Bc8 43. Qe4 Bd7 44. Be2 Be6 45. Bxg4 Bb3 46. Qb7 Bxa4 47. Qxa7
Qxb5 48. Qxc7 Qb4 49. Nf5 h5 50. Bh3 Qe1+ 51. Kh2 Qxf2 52. Qd8 Bc2 53. Qg5+ Kh7
54. Qxh5+ Kg8 55. Qg5+ Kh7 56. Qf6 Bb3 57. Qh4+ Kg8 58. Qg5+ Kh7 59. Nh6 Be6
60. Qg8+ Kxh6 61. Qxf8+ Kg6 62. Bxe6 b5 63. Qg8+ Kh6 64. Bxf7 64... Qf6 {
Hossa resigns} 1-0

[Event "ICS rated standard match"]
[Site "207.99.83.227"]
[Date "1999.05.21"]
[Round "?"]
[White "Hossa"]
[Black "SACR"]
[Result "0-1"]
[WhiteElo "2275"]
[BlackElo "2063"]
[PlyCount "89"]

1. e4 c6 2. Ne2 d5 3. e5 c5 4. d4 Nc6 5. c3 f6 6. exf6 Nxf6 7. dxc5 e5 8. b4
Be7 9. Ng3 O-O 10. Bd3 a5 11. Qd2 axb4 12. cxb4 b6 13. Qc3 bxc5 14. bxc5 Nd7
15. Bb5 Nd4 16. Bxd7 Bxd7 17. O-O Qc7 18. Rd1 Bg4 19. Re1 Bxc5 20. Be3 Rfc8 21.
a4 Qb7 22. Qd3 e4 23. Qd2 Nb3 24. Qb2 Qb4 25. Bd2 Qb6 26. Rf1 Rf8 27. Be1 Nxa1
28. Qxa1 e3 29. fxe3 Bxe3+ 30. Kh1 Qa6 31. Rxf8+ Rxf8 32. Nd2 Qd3 33. Qb1 Qxb1
34. Nxb1 Rc8 35. Nc3 d4 36. Nf1 dxc3 37. Nxe3 Bd7 38. a5 c2 39. Nxc2 Rxc2 40.
Kg1 Bc6 41. g3 Rg2+ 42. Kf1 Rxh2 43. Bf2 Bb7 44. Ke2 Kf7 45. Ke3 {Hossa resigns
} 0-1

[Event "ICS Rated standard match"]
[Site "207.99.83.227"]
[Date "1999.05.21"]
[Round "?"]
[White "chessassassin"]
[Black "Hossa"]
[Result "0-1"]
[WhiteElo "2016"]
[BlackElo "2268"]
[PlyCount "126"]

1. d4 Nf6 2. Nf3 c6 3. Bg5 Ne4 4. Bf4 d5 5. Nbd2 Qb6 6. Qc1 Nxd2 7. Bxd2 Bf5 8.
Bf4 Na6 9. a3 Be4 10. Ng5 Qxd4 11. e3 Qb6 12. Nxe4 dxe4 13. Bc4 e6 14. Be5 Nb8
15. O-O Qc5 16. Bxb8 Rxb8 17. Ba2 Bd6 18. Rd1 Rd8 19. c3 O-O 20. Qc2 Qe5 21. g3
Rd7 22. Rd4 f5 23. Rad1 a6 24. Qb3 Rf6 25. Kg2 c5 26. R4d2 c4 27. Qxc4 Rd8 28.
Qb3 b5 29. Rd4 Kh8 30. R1d2 Qc5 31. Qd1 e5 32. Rd5 Qb6 33. Rxe5 g6 34. Red5 Qc6
35. R2d4 Qd7 36. h4 Re6 37. Qb3 Rf6 38. Re5 Qc7 39. Re6 Qg7 40. Qd5 Rxe6 41.
Qxe6 Qe7 42. Rxd6 Qxd6 43. Qf7 a5 44. h5 a4 45. h6 Qf8 46. Qc7 Re8 47. Qd7 Re5
48. Qd4 Qe7 49. Qb6 g5 50. Qb8+ Qe8 51. Qd6 Qe7 52. Qb8+ Qe8 53. Qc7 Qe7 54.
Qc8+ Qe8 55. Qc7 Qe7 56. Qb6 f4 57. exf4 gxf4 58. gxf4 Rf5 59. Qd4+ Rf6 60. Kf1
Qd6 61. Qxe4 Qd1+ 62. Kg2 Rg6+ 63. Kh3 63... Qh5# {chessassassin checkmated}
0-1

[Event "ICS Rated standard match"]
[Site "207.99.83.227"]
[Date "1999.05.21"]
[Round "?"]
[White "Hossa"]
[Black "chessassassin"]
[Result "1-0"]
[WhiteElo "2274"]
[BlackElo "2010"]
[PlyCount "54"]

1. d4 Nf6 2. e3 g6 3. Bd3 Bg7 4. c3 b6 5. Nf3 Bb7 6. O-O O-O 7. c4 Nc6 8. e4 e6
9. Nc3 Nb4 10. Bb1 d5 11. e5 Nd7 12. Bg5 Qe8 13. a3 Na6 14. cxd5 exd5 15. a4 c5
16. dxc5 bxc5 17. Nxd5 Qe6 18. Ba2 Qg4 19. h3 Qe4 20. Re1 Bxd5 21. Bxd5 Qf5 22.
g4 Qxg5 23. Nxg5 Rad8 24. Bxf7+ Kh8 25. e6 Ne5 26. Qe2 Nc7 27. e7 27... Nxf7 {
chessassassin resigns} 1-0

[Event "ICS Rated blitz match"]
[Site "207.99.83.227"]
[Date "1999.05.21"]
[Round "?"]
[White "Hossa"]
[Black "DiepX"]
[Result "0-1"]
[WhiteElo "2494"]
[BlackElo "2648"]
[PlyCount "35"]

1. e4 e5 2. Nf3 Nc6 3. Bb5 Nf6 4. O-O Bc5 5. d3 d6 6. Be3 Bb6 7. c4 Bg4 8.
Bxc6+ bxc6 9. Qa4 Bxf3 10. Qxc6+ Qd7 11. Qxa8+ Ke7 12. Qxh8 Qg4 13. Qxg7 Qxg7
14. g3 Bxe3 15. fxe3 Be2 16. Nc3 Bxd3 17. Rfd1 Bxc4 18. b3 {Hossa resigns} 0-1

[Event "ICS Rated blitz match"]
[Site "207.99.83.227"]
[Date "1999.05.21"]
[Round "?"]
[White "DiepX"]
[Black "Hossa"]
[Result "1-0"]
[WhiteElo "2657"]
[BlackElo "2485"]
[PlyCount "86"]

1. e4 e5 2. Nf3 Nc6 3. d4 exd4 4. Nxd4 Bc5 5. Be3 Bxd4 6. Bxd4 Nf6 7. Nc3 O-O
8. Be2 Re8 9. Bxf6 Qxf6 10. O-O d6 11. Nd5 Qd8 12. Bh5 Re5 13. Bf3 Be6 14. Qd2
Rc8 15. Rae1 Qh4 16. g3 Qg5 17. Qxg5 Rxg5 18. c3 Bh3 19. Bg2 Bxg2 20. Kxg2 a5
21. f4 Rg6 22. f5 Rh6 23. b3 Kf8 24. h4 b5 25. f6 g6 26. Ra1 a4 27. bxa4 bxa4
28. Rab1 Ke8 29. Rb7 Kd8 30. Kf3 Rh5 31. Kf4 Re5 32. a3 h6 33. Ke3 g5 34. Rh1
h5 35. Rh2 g4 36. Rh1 Re8 37. Rd1 Re6 38. Rf1 Re5 39. Rf2 Re8 40. Rf5 Re5 41.
Rxe5 dxe5 42. Ke2 Na5 43. Ra7 43... Nc4 {Hossa resigns} 1-0

[Event "ICS Rated blitz match"]
[Site "207.99.83.227"]
[Date "1999.05.21"]
[Round "?"]
[White "Hossa"]
[Black "DiepX"]
[Result "0-1"]
[WhiteElo "2476"]
[BlackElo "2666"]
[PlyCount "47"]

1. d4 d5 2. c4 e5 3. dxe5 d4 4. e3 Bb4+ 5. Bd2 dxe3 6. Qa4+ Nc6 7. Bxb4 exf2+
8. Kxf2 Qh4+ 9. Ke3 Qd4+ 10. Kf3 Bg4+ 11. Kg3 Nh6 12. Bd3 Qxd3+ 13. Nf3 Nf5+
14. Kf2 Qe3+ 15. Kf1 Bxf3 16. Qc2 Nxb4 17. Qd2 Bxg2+ 18. Kxg2 Nh4+ 19. Kf1 Qf3+
20. Qf2 Qh3+ 21. Kg1 Nd3 22. Nd2 Nxf2 23. Kxf2 O-O-O 24. Rhd1 {Hossa resigns}
0-1

[Event "ICS Rated standard match"]
[Site "207.99.83.227"]
[Date "1999.05.21"]
[Round "?"]
[White "DiepX"]
[Black "Hossa"]
[Result "1/2-1/2"]
[WhiteElo "2406"]
[BlackElo "2280"]
[PlyCount "186"]

1. e4 e5 2. Nf3 Nc6 3. Bb5 Nf6 4. O-O Bc5 5. c3 O-O 6. d4 exd4 7. cxd4 Bb6 8.
d5 Ne7 9. Nc3 d6 10. Bg5 Ng4 11. h3 Ne5 12. Nxe5 dxe5 13. Bc4 Qd6 14. Nb5 Qd7
15. d6 cxd6 16. Qxd6 Nc6 17. Rad1 Qxd6 18. Nxd6 Rb8 19. b4 a6 20. Bd5 h6 21.
Bh4 Bc7 22. b5 Bxd6 23. bxc6 bxc6 24. Bxc6 Bb4 25. Bg3 Rb6 26. Bd5 a5 27. Rb1
Rg6 28. Rfc1 Be6 29. Bxe6 Rxe6 30. f3 Kh7 31. Rc7 Kg6 32. Rd1 h5 33. a4 f6 34.
Rdd7 Rg8 35. Kf2 Ra6 36. Ke3 Bd6 37. Rb7 Bc5+ 38. Kd3 Bb4 39. Rbc7 Bd6 40. Rc1
Rb8 41. Be1 Rb3+ 42. Rc3 Rb2 43. Rc2 Rb1 44. Bc3 Bb4 45. Bd2 Bxd2 46. Kxd2 Ra1
47. Rcc7 Kg5 48. g3 Kh6 49. Rxg7 Rd6+ 50. Kc3 Rc6+ 51. Rxc6 Kxg7 52. Kb3 Rg1
53. Rc7+ Kh6 54. Rc6 Kg7 55. g4 h4 56. Kc4 Rg3 57. g5 Rxg5 58. Kd3 Rg3 59. Ke3
Rxh3 60. Rc5 Rh1 61. Rxa5 Ra1 62. Ra7+ Kg6 63. Ra8 Ra3+ 64. Ke2 Ra2+ 65. Ke3 f5
66. Rg8+ Kf7 67. Rh8 f4+ 68. Kd3 Rf2 69. Rxh4 Rxf3+ 70. Kc4 Kg6 71. Kd5 Ra3 72.
Kxe5 f3 73. Rg4+ Kf7 74. Rf4+ Ke7 75. Rf5 Rxa4 76. Rxf3 Ra6 77. Rh3 Re6+ 78.
Kd5 Rd6+ 79. Kc5 Rd2 80. Rh6 Rd1 81. Rb6 Rd8 82. e5 Rd1 83. Kc4 Rc1+ 84. Kd3
Re1 85. Kd4 Rd1+ 86. Ke3 Re1+ 87. Kf4 Rf1+ 88. Ke4 Re1+ 89. Kd4 Rd1+ 90. Kc5
Re1 91. Kd5 Rd1+ 92. Ke4 Re1+ 93. Kd4 93... Rd1+ {Game drawn by repetition}
1/2-1/2

[Event "ICS rated blitz match"]
[Site "207.99.83.227"]
[Date "1999.05.21"]
[Round "?"]
[White "Hossa"]
[Black "blunite"]
[Result "0-1"]
[WhiteElo "2471"]
[BlackElo "2272"]
[PlyCount "55"]

1. c4 e5 2. Nc3 Nc6 3. g3 Nf6 4. Nf3 Be7 5. Bg2 O-O 6. O-O d6 7. d3 h6 8. Bd2
Bf5 9. e4 Bg4 10. Be3 Qd7 11. Qb3 Rab8 12. Nd5 Bh3 13. Nxe7+ Nxe7 14. Bxa7 Ng6
15. Bxb8 Rxb8 16. Qb5 c6 17. Bxh3 Qxh3 18. Qb6 Ng4 19. Qa7 Rf8 20. Qxb7 Nh4 21.
gxh4 Qxf3 22. Qb6 Qh3 23. Rfc1 Nxh2 24. Qe3 Nf3+ 25. Qxf3 Qxf3 26. c5 Qxd3 27.
Re1 dxc5 28. Re3 {Hossa resigns} 0-1

[Event "ICS Rated blitz match"]
[Site "207.99.83.227"]
[Date "1999.05.21"]
[Round "?"]
[White "Beadle"]
[Black "Hossa"]
[Result "1-0"]
[WhiteElo "2632"]
[BlackElo "2439"]
[PlyCount "64"]

1. e4 e5 2. Nf3 Nc6 3. d4 exd4 4. Nxd4 Qh4 5. Nb5 Qxe4+ 6. Be2 Bb4+ 7. Kf1 Ba5
8. Bd2 Bb6 9. Be3 Qe5 10. Nd2 Kd8 11. Nf3 Qxb2 12. Bd2 Nb4 13. Bc3 Qxc2 14.
Bxg7 Qxd1+ 15. Rxd1 Nxa2 16. Bc4 Nb4 17. Bxh8 Ne7 18. Bf6 a6 19. Re1 Nbc6 20.
Nbd4 Bc5 21. Nxc6+ dxc6 22. Ng5 Kd7 23. Bxf7 Kd8 24. Ne4 Bb4 25. Rd1+ Bd7 26.
Be6 Bd6 27. Nxd6 Bxe6 28. Nxb7+ Kc8 29. Na5 Nd5 30. Nxc6 Bd7 31. Rxd5 Bxc6 32.
Rd8+ 32... Kb7 {Hossa resigns} 1-0

[Event "ICS rated bullet match"]
[Site "207.99.83.227"]
[Date "1999.05.21"]
[Round "?"]
[White "JSBach"]
[Black "Hossa"]
[Result "0-1"]
[WhiteElo "2155"]
[BlackElo "2448"]
[PlyCount "82"]

1. d4 Nf6 2. Bf4 e6 3. Nh3 Be7 4. Qd3 Nh5 5. Bd2 Nc6 6. Nc3 Nb4 7. Qe4 Nf6 8.
Qe5 Nxc2+ 9. Kd1 Nxa1 10. Nb5 d6 11. Qg5 O-O 12. Qf4 Nd5 13. Qe4 Bd7 14. Qd3 a5
15. Qc4 Nb6 16. Qd3 d5 17. b3 a4 18. Bc3 Nxb3 19. axb3 c6 20. bxa4 Nxa4 21. Ke1
cxb5 22. Bd2 Nc5 23. Qb1 Ne4 24. e3 Nxd2 25. Kxd2 Qa5+ 26. Ke2 Qc3 27. Qd3
Qxd3+ 28. Kxd3 Ra2 29. Be2 b4 30. e4 Bb5+ 31. Ke3 Rxe2+ 32. Kf3 Rxe4 33. Nf4 g5
34. Nxd5 exd5 35. Ra1 Be2+ 36. Kg3 Bd6+ 37. f4 Rxf4 38. Rf1 Rxf1+ 39. Kh3 Rf5
40. g3 Rf2 41. g4 41... Rxh2# {JSBach checkmated} 0-1

[Event "ICS rated blitz match"]
[Site "207.99.83.227"]
[Date "1999.05.21"]
[Round "?"]
[White "Hossa"]
[Black "MoonShot"]
[Result "0-1"]
[WhiteElo "2431"]
[BlackElo "2724"]
[PlyCount "152"]

1. e4 d5 2. exd5 Qxd5 3. Nc3 Qd6 4. d4 Nf6 5. Bb5+ Bd7 6. Nge2 Bxb5 7. Nxb5 Qc6
8. a4 e6 9. Bf4 Bb4+ 10. c3 Bd6 11. Qd2 Bxf4 12. Qxf4 Nd5 13. Qg4 O-O 14. O-O
a6 15. Na3 Qxa4 16. Qg3 Qc6 17. c4 Nf6 18. Rfe1 Nbd7 19. f3 Rad8 20. Qg5 Nb6
21. b3 h6 22. Qe3 Rd7 23. Nc2 Rfd8 24. Qe5 Nc8 25. Nb4 Qb6 26. Qa5 Qxa5 27.
Rxa5 Ne7 28. Re5 g6 29. f4 Nf5 30. Nc2 Ng4 31. Ra5 Nge3 32. Nxe3 Nxe3 33. c5
Nc2 34. Rf1 c6 35. h4 Nxd4 36. Nxd4 Rxd4 37. Ra3 R8d5 38. Kh2 Rxc5 39. Kg3 Rd3+
40. Rf3 Rd2 41. Ra1 Rcc2 42. Rg1 Kf8 43. Re3 Ke7 44. Kh2 Rf2 45. Kg3 Rcd2 46.
Rc3 Kd7 47. b4 Kd6 48. Rb3 Kd5 49. Rc3 Kd4 50. Rcc1 Rfe2 51. h5 gxh5 52. Ra1
Kc4 53. Rae1 h4+ 54. Kxh4 Rxe1 55. Rxe1 Rxg2 56. Rb1 f5 57. Kh5 Rf2 58. Kxh6
Rxf4 59. Kg5 Re4 60. Kf6 f4 61. Kg5 f3 62. Rb2 Re2 63. Rb1 f2 64. Rf1 e5 65. b5
axb5 66. Kg4 e4 67. Kg3 e3 68. Rc1+ Kd3 69. Rd1+ Ke4 70. Kg4 Re1 71. Rd7 f1=Q
72. Re7+ Kd5 73. Rd7+ Ke6 74. Rd4 Qf5+ 75. Kg3 Rg1+ 76. Kh4 76... Qh7# {
Hossa checkmated} 0-1

[Event "ICS Rated blitz match"]
[Site "207.99.83.227"]
[Date "1999.05.21"]
[Round "?"]
[White "Beadle"]
[Black "Hossa"]
[Result "0-1"]
[WhiteElo "2609"]
[BlackElo "2426"]
[PlyCount "208"]

1. d4 Nf6 2. c4 c5 3. Nf3 cxd4 4. Nxd4 e5 5. Nb5 d5 6. cxd5 Bc5 7. N1c3 a6 8.
Qa4 Nbd7 9. Be3 Bxe3 10. Nd6+ Kf8 11. fxe3 Nc5 12. Nxf7 Kxf7 13. Qc4 Qd6 14. b4
Ncd7 15. e4 Rf8 16. h3 a5 17. Rb1 Kg8 18. bxa5 Rxa5 19. e3 Nh5 20. Rb5 Ra8 21.
Rg1 Ng3 22. Bd3 Qh6 23. Nd1 Ra6 24. Rb2 Raf6 25. Kd2 Nb6 26. Qc7 Qg6 27. Nc3
Rd6 28. Kc1 Na8 29. Qa5 Qh6 30. Re1 Nb6 31. Kb1 Qg6 32. Ka1 Rdf6 33. Reb1 Nd7
34. Qc7 Qg5 35. Re1 Kh8 36. Bb5 R6f7 37. Bd3 Qh4 38. Rc1 Qh6 39. Nd1 Qg5 40.
Qxc8 Rxc8 41. Rxc8+ Rf8 42. Rxf8+ Nxf8 43. Rxb7 Qd8 44. Rb2 Kg8 45. Rc2 Qa5 46.
Rc3 Nh1 47. Bc2 Qb4 48. a3 Qa5 49. Ka2 Ng3 50. Bd3 Qa8 51. Rc2 Nd7 52. Rc6 Nf6
53. Ra6 Qb7 54. Ra4 Ne8 55. Ba6 Qd7 56. Rb4 Nd6 57. Bd3 Qa7 58. Kb3 Nb7 59. Ka2
Nc5 60. Nb2 Qc7 61. Bc2 Ne2 62. a4 Nc3+ 63. Ka1 Qe7 64. Nd1 Nd7 65. Rb3 Nxa4
66. Bb1 Qc5 67. Ba2 Qc2 68. Rb1 Nac5 69. g4 Nxe4 70. Bb3 Qd3 71. Ba2 Ndf6 72.
Rb8+ Kf7 73. d6+ Kg6 74. Rb1 Nxd6 75. Bb3 Qa6+ 76. Kb2 Qf1 77. Rc1 Qxh3 78. Rc6
Qh2+ 79. Rc2 Qh1 80. g5 Kxg5 81. Rc7 Kh6 82. Kc1 Qa8 83. Kb2 Qb8 84. Rc6 Nfe4
85. Rc1 Nd2 86. Rc3 N6e4 87. Kc2 Nxc3 88. Kxd2 Ne4+ 89. Kc2 Qb4 90. Kd3 Nc5+
91. Ke2 Qg4+ 92. Ke1 Nxb3 93. Nf2 Qg2 94. Ke2 Nc1+ 95. Kd1 Qf1+ 96. Kd2 Qxf2+
97. Kxc1 Qxe3+ 98. Kc2 Kg6 99. Kb2 e4 100. Kc2 Qd3+ 101. Kb2 e3 102. Ka2 e2
103. Ka1 e1=Q+ 104. Ka2 104... Qeb1# {Beadle checkmated} 0-1

[Event "ICS Rated blitz match"]
[Site "207.99.83.227"]
[Date "1999.05.21"]
[Round "?"]
[White "Hossa"]
[Black "Beadle"]
[Result "1-0"]
[WhiteElo "2450"]
[BlackElo "2585"]
[PlyCount "149"]

1. c4 e5 2. b3 Nc6 3. Bb2 Nf6 4. Nc3 d5 5. cxd5 Nxd5 6. Nf3 Bg4 7. Rc1 Bxf3 8.
gxf3 Nxc3 9. dxc3 Qh4 10. e3 Bc5 11. Qe2 O-O-O 12. Qc4 Qe7 13. Rd1 Rxd1+ 14.
Kxd1 Rd8+ 15. Kc1 g6 16. Bh3+ f5 17. Rd1 Rxd1+ 18. Kxd1 a5 19. Kc1 Kb8 20. Kb1
Qd6 21. Qg8+ Ka7 22. Kc1 f4 23. e4 Bxf2 24. Qd5 Qxd5 25. exd5 Ne7 26. Be6 Kb6
27. Kd2 Nf5 28. Kd3 Nh4 29. Ke4 Bc5 30. a4 Ka6 31. h3 Kb6 32. Bg4 h5 33. Be6
Be3 34. Ba3 Bd2 35. Bb2 Be3 36. Ba3 g5 37. Be7 Bd2 38. Bxg5 Ng6 39. c4 Bc3 40.
Bf6 Bb4 41. Bf7 Be7 42. Bxe7 Nxe7 43. Kxe5 Kc5 44. Ke6 Nc8 45. Kd7 Nd6 46. Bxh5
b5 47. cxb5 Kb6 48. Ke6 Nb7 49. Bg6 Nc5+ 50. Ke5 Nxb3 51. Kxf4 Nc5 52. Bc2 Nd7
53. Kg5 Kc5 54. h4 Kxd5 55. Bf5 Nf8 56. h5 Kc5 57. Kf6 Kb4 58. Kf7 Kxa4 59.
Kxf8 Kxb5 60. Kg7 a4 61. h6 a3 62. Be6 c5 63. h7 Kc6 64. h8=Q Kd6 65. Qf8+ Kxe6
66. Qxc5 a2 67. Qa5 a1=N 68. Qxa1 Kd5 69. Qc3 Kd6 70. Qc4 Kd7 71. f4 Kd8 72.
Qc6 Ke7 73. Qd5 Ke8 74. Kf6 Kf8 75. Qd8# {Beadle checkmated} 1-0

[Event "ICS Rated blitz match"]
[Site "207.99.83.227"]
[Date "1999.05.21"]
[Round "?"]
[White "Beadle"]
[Black "Hossa"]
[Result "1/2-1/2"]
[WhiteElo "2563"]
[BlackElo "2472"]
[PlyCount "186"]

1. e4 d5 2. exd5 Qxd5 3. Nc3 Qd6 4. d4 Nf6 5. Bd3 Nc6 6. Nf3 Bg4 7. Nb5 Qe6+ 8.
Be3 O-O-O 9. Ng5 Qd7 10. f3 Bh5 11. Be4 Nxe4 12. Nxe4 e6 13. a3 a6 14. Nbc3
Nxd4 15. O-O Nf5 16. Qxd7+ Rxd7 17. Bf2 Nd4 18. Rad1 e5 19. Bxd4 Rxd4 20. Rxd4
exd4 21. Ne2 f5 22. Ng5 c5 23. Re1 h6 24. Ne6 Bf7 25. Nxf8 Rxf8 26. b4 b6 27.
bxc5 bxc5 28. Nf4 c4 29. Re5 Kd7 30. Rxf5 g5 31. Ng6 Bxg6 32. Rd5+ Kc6 33. Rxd4
Kc5 34. c3 Rb8 35. h4 Rb3 36. hxg5 Rxc3 37. Rd7 hxg5 38. Rg7 Bd3 39. Rxg5+ Kb6
40. Kf2 Rxa3 41. Ke3 Bh7+ 42. Kf4 c3 43. Rh5 Bg6 44. Rh1 Ka5 45. Kg5 Bd3 46. g4
Kb4 47. f4 c2 48. f5 Kc3 49. f6 Be4 50. Rf1 Kb2 51. f7 Rf3 52. Rxf3 c1=Q+ 53.
Rf4 Qc5+ 54. Kh4 Qe7+ 55. Kg3 Qf8 56. Rxe4 Qxf7 57. g5 Qf5 58. Rg4 Qe5+ 59. Kh3
Kc2 60. g6 Qg7 61. Kh4 Qh6+ 62. Kg3 a5 63. g7 Qd6+ 64. Kf2 Qd2+ 65. Kg3 Qe3+
66. Kg2 Qe2+ 67. Kg3 Qe5+ 68. Kh3 Qc3+ 69. Kh2 Qc7+ 70. Rg3 Qxg7 71. Rxg7 a4
72. Ra7 Kb3 73. Rd7 a3 74. Rd3+ Kb2 75. Rd2+ Kb3 76. Kh1 Kc3 77. Ra2 Kb3 78.
Re2 Kc3 79. Kg2 Kb3 80. Re5 Kb2 81. Rb5+ Kc3 82. Kf3 Kc2 83. Ra5 Kb3 84. Ke3
Kb2 85. Rb5+ Kc3 86. Rc5+ Kb2 87. Kd2 a2 88. Rb5+ Ka1 89. Rh5 Kb2 90. Rh6 a1=Q
91. Rb6+ Ka3 92. Ra6+ Kb2 93. Rxa1 93... Kxa1 {
Game drawn because neither player has mating material} 1/2-1/2

[Event "ICS Rated blitz match"]
[Site "207.99.83.227"]
[Date "1999.05.21"]
[Round "?"]
[White "Hossa"]
[Black "Beadle"]
[Result "1-0"]
[WhiteElo "2476"]
[BlackElo "2559"]
[PlyCount "103"]

1. e4 Nc6 2. Nc3 Nf6 3. d4 d5 4. e5 Ne4 5. Nxe4 dxe4 6. Be3 Bf5 7. Bb5 e6 8.
Ne2 Qd7 9. c3 Be7 10. Qa4 O-O 11. O-O Rfb8 12. b3 Kh8 13. Ng3 Bg6 14. f3 exf3
15. Rxf3 a5 16. Raf1 Kg8 17. c4 h5 18. Ne2 h4 19. Nc3 Bb4 20. Nd1 Be7 21. Nf2
Bh5 22. Rh3 Bg6 23. Kh1 Bf5 24. Rf3 g6 25. Rd1 Bc2 26. Rd2 Bxb3 27. axb3 Bb4
28. Ng4 Kh8 29. Re2 Qe7 30. Bxc6 bxc6 31. Qxc6 a4 32. bxa4 Ra7 33. Nh6 Rb6 34.
Qe4 Rxa4 35. Nxf7+ Kg7 36. Rf6 Ra1+ 37. Bg1 Qxf7 38. Rxf7+ Kxf7 39. Qxh4 Ke8
40. c5 Rc6 41. Rb2 Ra4 42. d5 exd5 43. Rxb4 Rxb4 44. Qxb4 Re6 45. Qb8+ Kd7 46.
c6+ Rxc6 47. Qb5 d4 48. Bxd4 g5 49. g4 Kd8 50. Qxc6 Ke7 51. e6 Kd8 52. Qd7# {
Beadle checkmated} 1-0

[Event "ICS Rated blitz match"]
[Site "207.99.83.227"]
[Date "1999.05.21"]
[Round "?"]
[White "Hossa"]
[Black "Beadle"]
[Result "0-1"]
[WhiteElo "2482"]
[BlackElo "2553"]
[PlyCount "85"]

1. d4 d5 2. e3 Bf5 3. Bb5+ Nd7 4. Nf3 e6 5. O-O Bd6 6. Bd2 c6 7. Be2 Ngf6 8. c4
dxc4 9. Bxc4 b5 10. Bb3 b4 11. a3 a5 12. Ba4 Qb6 13. Qc1 Be4 14. Ng5 Bd5 15.
axb4 axb4 16. Qc2 h6 17. Nf3 O-O 18. Re1 Be4 19. Qc4 Qb8 20. Ne5 Bxe5 21. dxe5
Nxe5 22. Qxb4 Nd3 23. Qxb8 Rfxb8 24. Rf1 Nxb2 25. Nc3 Rd8 26. Bc1 Nxa4 27. Rxa4
Rxa4 28. Nxa4 Bc2 29. Nb2 Bb3 30. f3 c5 31. e4 c4 32. Bf4 c3 33. Rf2 Kh7 34. h4
h5 35. Be5 cxb2 36. Rxb2 Rd3 37. Bxf6 gxf6 38. g4 Bd1 39. gxh5 Bxf3 40. Rb7
Bxh5 41. Rb4 Rh3 42. e5 fxe5 43. Kg2 {Hossa resigns} 0-1